00440nam a2200169Ia 4500003000400000005001700004008004100021020001500062050002400077100002000101245006000121260003500181300003300216440000600249521000700255526000800262OSt20140311163112.0140130s9999 xx 000 0 und d a0590137662 aPZ 7b.R982Hes 1991 aRylant, Cynthia cCynthia Rylant.aHenry and Mudge and the bedtime thumps bScholastic,c1991.aNew York : a40 p. :bcol. ill. ;c19 cm. v1 aG3 c540